000
00334nam a2200133Ia 4500
008
240624s9999 xx 000 0 und d
041
_a
eng
082
_a
300.072 KIS
100
_a
KISH LESLIE
245
_a
STATISTICAL DESIGN FOR RESEARCH
260
_c
2014
_a
New Delhi
_b
Wiley
300
_a
xxii, 267 p.; 22 cm.
365
_c
RS
_b
27.5
999
_c
29592
_d
29592